00645 a2200145 4500003000500000005001700005040000900022082001400031100001500045245006700060260003000127300001200157505031000169650002000479Nust20221205120445.0 cNust a297.4,SAJ aSajjad.A.K aThe SufibAbandon Not The Path Of Righteousess / cA.K.Sajjad aLahorebModern Bookc1996 a108:p.; aAdvice Of A Noble Mother (Page-1), Teaching Of Worldly Teacher (Page-5), Of Public Servants (Page-18), Of Religion As Education (Page-85), Need For A True Religion Of God (Page-103), The Wheel Of Life (Page-116), The Profession Of A Healer (Page-147), What Is That Which Is Most Sacred To God (Page-168).  aSufism in Islam